Statistics for S ile Başlayan Ülkeler

Click here to take the quiz!

General Stats

  • This quiz has been taken 732 times
  • The average score is 10 of 20

Answer Stats

Ülke% Correct
Sırbistan
83%
Slovakya
82%
Slovenya
81%
Suriye
77%
Sudan
63%
Somali
61%
Senegal
57%
Sri Lanka
55%
San Marino
54%
Suudi Arabistan
54%
Singapur
52%
Surinam
52%
Seyşeller
42%
Samoa
38%
Solomon Adaları
38%
Saint Lucia
33%
Sierra Leone
33%
Saint Kitts ve Nevis
31%
Saint Vincent ve Grenadinler
30%
São Tomé ve Príncipe
26%

Score Distribution

Percentile by Number Answered

Percent of People with Each Score

Your Score History

You have not taken this quiz